Mitos y leyendas de los aztecas, incas, mayas y muiscas /
Estudio sobre las leyendas de los más importantes pueblos prehispánicos. Fue iniciada en los años veinte, por encargo de la editorial alemana de Eugen Diederichs, que tenía una colección sobre este tema. Es una recopilación lo más fiel posible de las fuentes originales o de las ediciones más antigua...
Guardado en:
| Hovedforfatter: | |
|---|---|
| Format: | Bog |
| Sprog: | spansk |
| Udgivet: |
México :
Fondo de Cultura Económica,
1971, c1971
|
| Serier: | (Sección de Obras de Antropología)
|
| Fag: | |
| Tags: |
Ingen Tags, Vær først til at tagge denne postø!
|
MARC
| LEADER | 00000nam^a2200000^a^4500 | ||
|---|---|---|---|
| 001 | 000119676 | ||
| 005 | 20250521000000.0 | ||
| 009 | 20260310094323.468 | ||
| 037 | |a Acervo ITESO - Biblioteca | ||
| 041 | |a ESP | ||
| 082 | |a 980. 012 |b KRI | ||
| 100 | |a Krickeberg, Walter |e (autor) | ||
| 245 | 1 | 0 | |a Mitos y leyendas de los aztecas, incas, mayas y muiscas / |c W. Krickeberg. |
| 264 | 4 | |a México : |b Fondo de Cultura Económica, |c 1971, c1971 | |
| 300 | |a 267 p. | ||
| 336 | |a texto |b txt |2 rdacontenido | ||
| 337 | |a sin mediación |b n |2 rdamedio | ||
| 338 | |a volumen |b nc |2 rdasoporte | ||
| 440 | 1 | |a (Sección de Obras de Antropología) | |
| 500 | |a Traducción de: Märchen der Azteken und Inkaperuaner, Maya und Muisca | ||
| 520 | |a Estudio sobre las leyendas de los más importantes pueblos prehispánicos. Fue iniciada en los años veinte, por encargo de la editorial alemana de Eugen Diederichs, que tenía una colección sobre este tema. Es una recopilación lo más fiel posible de las fuentes originales o de las ediciones más antiguas. | ||
| 649 | |a XX | ||
| 650 | |a Aztecas | ||
| 650 | |a Nahuas | ||
| 650 | |a Mayas | ||
| 650 | |a Indígenas de México | ||
| 650 | |a Incas | ||
| 650 | |a Chibchas | ||
| 650 | |a Indígenas de América del Sur - |z Perú | ||
| 650 | |a Indígenas de América del Sur | ||
| 650 | |a Mitología | ||
| 650 | |a Leyendas | ||
| 650 | |a Literatura Indígena | ||
| 650 | |a Religión - |z América - |x Historia - |y Epoca Prehispánica | ||
| 650 | |a México - |x Historia - |y Epoca Prehispánica | ||
| 650 | |a Perú - |x Historia - |y Epoca Prehispánica | ||
| 650 | |a América del Sur - |x Historia - |y Epoca Prehispánica | ||
| 910 | |a Fondo Salvador Reynoso Reynoso | ||
| 920 | |a Impresos - Libros | ||
| 930 | |a Fondos Especiales | ||
| 905 | |a 112 | ||
| 901 | |a 0800005400 |b IT2 |c ESP |u 20250521 | ||
| 902 | |a https://opac.biblio.iteso.mx/vufind/Record/000119676 | ||